000 00570nam a22002297a 4500
003 UA-OsUOA
001 124665
007 ta
008 20170822b un ||||| |||| 00| 0 ukr d
100 _aГрабан В.
090 _a821.161.2
_bГ75
942 _cBK
040 _aUA-OsUOA
_bukr
_cUA-OsUOA
_dUA-OsUOA
245 _aНа ковпаку гір
300 _a47 с.
955 _a3
041 _aukr
080 _a821.161.2
260 _aКраків
_c1991
650 7 _a82 Література. Літературознавство
_2UDC
999 _c411802
_d411802